• 首页
  • 本馆介绍
  • 公告通知
  • 最新文献
  • 馆藏检索
  • 电子资源
  • 读者导购
  • 参考咨询
  • 我的图书馆
  • 登录
  • 详细信息显示
  • 放入我的书架
  • 预约/预借图书
  • 作者相关作品
  • 分类相关作品
  • 丛书相关作品
  • 出版社相关作品

书目信息

  • 表格格式
  • 工作单格式
  • 卡片格式
题名:
国防教育
    
 
作者: 李晓坤 主编
分册:  
出版信息: 石家庄   河北教育出版社  1999
页数: 220页
开本: 20cm
丛书名:
单 册:
中图分类: G711
科图分类:
主题词: 国防教育--高等教育--教材 , 国防教育
电子资源:
ISBN: 7-5434-3535-7
000 00758nam0 2200253 450
000 01026nam0 2200289 450
000 00959nam0 2200265 450
000 00923nam0 2200253 45
005 20070721100520.59
010    @a7-5434-3535-7@dCNY5.75
100    @a20070328e1999 em y0chiy0120 ea
101 0  @achi
102    @aCN@b130000
105    @ay z 000yy
200 1  @a国防教育@AGuo Fang Jiao Yu@f李晓坤等主编@Fli xiao kun deng zhu bian
210    @a石家庄@c河北教育出版社@d1999
215    @a220页@d20cm
300    @a九年义务教育初级中学素质教育教师指导用书
606 0  @a国防教育@x高等教育@j教材
606 0  @a国防教育
690    @aG711@v4
701  0 @a李晓坤@Ali xiao kun@f(1942~)@4主编
801  0 @aCN@bTAOJIN@c20070721
905    @a10447@dG711@e16
    
    国防教育/李晓坤等主编.-石家庄:河北教育出版社,1999
    220页;20cm
    九年义务教育初级中学素质教育教师指导用书
    
    ISBN 7-5434-3535-7:CNY5.75
    
●
相关链接 在E读中查询图书 在五车中查询图书 在当当中查询图书 在豆瓣中查询图书


正题名:国防教育     索取号:G711/16         预约/预借

序号 登录号 条形码 馆藏地/架位号 状态 备注
1 0768246   207682462   第一样本阅览室/ [索取号:G711/16] 在馆    
唐山师范学院图书馆 欢迎您!
大连网信软件有限公司© 版权所有